| 000 | 00632nam a22001937a 4500 | ||
|---|---|---|---|
| 999 |
_c168422 _d168422 |
||
| 005 | 20191007160018.0 | ||
| 010 | _aUR-10528 | ||
| 020 |
_c200.00 _a- |
||
| 035 | _aU-9083 | ||
| 037 |
_bDBAD/PUB _a- |
||
| 082 | _a841 | ||
| 100 | _aر ا شد طر ز ی | ||
| 245 |
_aجہا ں تک ر و شنی ہو گی _cر ا شد طرا ز |
||
| 246 |
_bJahan Tak Roshni Hogi (Urdu) _aby Rashid Taraz |
||
| 260 |
_aDelhi _bEducational Publishing House _c2016 ء |
||
| 270 |
_a3191,Vakil Street, Kucha Pandit Lal Kuan _bDelhi _e110006 _k23216162 _l- |
||
| 300 |
_a167 ص _c22 Cm(Hb) |
||
| 942 |
_2ddc _cUR _h841 _mر ا ش |
||